Построение модели определения границ разделения сред; Молодежь и современные информационные технологии

Manylion Llyfryddiaeth
Parent link:Молодежь и современные информационные технологии.— 2008.— [С. 82-83]
Prif Awdur: Базан М. В.
Awduron Eraill: Рыбалка С. А. Сергей Анатольевич
Crynodeb:Заглавие с титульного листа.
Iaith:Rwseg
Cyhoeddwyd: 2008
Pynciau:
Mynediad Ar-lein:http://www.lib.tpu.ru/fulltext/c/2008/C04/008.pdf
Fformat: MixedMaterials Electronig Pennod Llyfr
KOHA link:https://koha.lib.tpu.ru/cgi-bin/koha/opac-detail.pl?biblionumber=612478

MARC

LEADER 00000naa2a2200000 4500
001 612478
005 20260422151652.0
035 |a (RuTPU)RU\TPU\conf\10600 
090 |a 612478 
100 |a 20150617d2008 k y0rusy50 ca 
101 0 |a rus 
102 |a RU 
135 |a drnn ---uucaa 
181 0 |a i  
182 0 |a b 
200 1 |a Построение модели определения границ разделения сред  |f М. В. Базан, С. А. Рыбалка 
203 |a Текст  |c электронный 
215 |a 1 файл (520 Кб) 
300 |a Заглавие с титульного листа. 
320 |a [Библиогр.: с. 83 (4 назв.)] 
337 |a Adobe Reader 
463 1 |0 (RuTPU)RU\TPU\conf\21  |t Молодежь и современные информационные технологии  |o сборник трудов VI Всероссийской научно-практической конференции студентов, аспирантов и молодых ученых, г. Томск, 26-28 февраля 2008 г.  |f Томский политехнический университет (ТПУ), Институт "Кибернетический центр" ; под ред. А. И. Кочегурова и др.  |v [С. 82-83]  |d 2008 
610 1 |a труды учёных ТПУ 
610 1 |a электронный ресурс 
700 1 |a Базан  |b М. В. 
701 1 |a Рыбалка  |b С. А.  |c специалист в области информатики и вычислительной техники  |c доцент Томского политехнического университета, кандидат технических наук  |f 1961-  |g Сергей Анатольевич  |3 (RuTPU)RU\TPU\pers\26755  |9 12398 
801 2 |a RU  |b 63413507  |c 20150617  |g RCR 
856 4 |u http://www.lib.tpu.ru/fulltext/c/2008/C04/008.pdf 
942 |c BK